Musiques des Daft Punk - Mort subite - Statistiques

Statistiques générales
  • Ce quiz a été pris 1 953 fois
  • Le résultat moyen est 4 sur 15
Answers on the Grid
Answers color-coded by a green-red scale on the quiz's grid according to % correct below.
Instant Crush
RAM
Harder Faster Stronger Better
Emotion
Television is the new radio
Get Lucky
Digital Fun
Contact
Electroma
Interstella 5555
Around The World
Beyond
Da Funk
Funk Ad
Non Stop
On / Off
Lose Myself to Dance
D.A.N.C.E
End Of Life
Revolution 101
Veridis Quo
Something About You
Lady (Hear My Tonight)
Music Sounds Better With You
Technologic
Robots After All
Fresh
Give Life Back to Music
Too Long
Within
 
Statistiques - réponses
Réponse % Correct
Get Lucky
59%
Around The World
52%
Instant Crush
48%
Da Funk
46%
Veridis Quo
45%
Technologic
28%
Give Life Back to Music
25%
Within
22%
Contact
20%
Too Long
20%
Beyond
19%
On / Off
13%
Fresh
12%
Funk Ad
12%
Emotion
10%
Aucun quiz correspondant
Distribution des résultats
% des personnes avec chaque résultat
Percentile par nombre de réponses
Votre historique - résultats
Vous n’avez pas pris ce quiz